03268nam a2200325 i 4500003000500000005001700005007000300022008004100025040002500066090002400091100003600115245016800151260007000319300001600389336002100405337002500426338002300451502009800474520182700572700003002399700003802429720003502467720004502502720003902547720004102586942004202627952012802669952012802797999001702925CSPC20250911105818.0ta240424s2023 ph a m 000 0 eng d aCSPCbengcCSPCerda aUTH BSOA Ar26p 20231 aArcilla, Beverly B., eauthor. 10aPerception of senior high school students on Bachelor of Science in Office Administration program /cBeverly B. Arcilla, Shane M. Biso, and Mary Melody I. Urbano.  aBuhi, Camarines Sur :bCamarines Sur Polytechnic Colleges,c2023. a87 leaves.  2rdacontentatext 2rdamediaaunmediated 2rdacarrieravolume aUndergraduate Thesis (BSOA)- Office AdministrationcCamarines Sur Polytechnic Collges, 2023. 3 aThe Camarines Sur Polytechnic Colleges, Buhi Campus has a vital role to give a best quality education for Bicolano's. This paper tried to determine the perception of Senior High School Students on Bachelor of Science in Office Administration Program in terms of perception of the respondents on the BSOA Program which includes BSOA Curriculum, Laboratory, Vision, Mission, and Objectives, Physical Plan and Facilities. The output is proposed to help respondents improve perception about the BSOA. The respondents are 80 selected students from Tambo National High School. The result showed that students generally value a dedicated laboratory for BSOA, as it provides a practical and hands-on learning environment, students tend to appreciate a clear and well-communicated vision, goals, mission, and objectives for the BSOA program, availability of a library with relevant resources for research and study, efficient note-taking during meetings or interviews, time management and meeting deadlines, spreadsheet and data analysis skills (e.g., Microsoft Excel), active listening and understanding colleagues and clients, and scholarship and Financial aid. The study recommended the following: The institution can reinforce its positive educational environment and continuously improve the overall student experience. The institution can build on the positive perceptions of students and ensure that the BSOA curriculum remains relevant and effective in preparing students for success in the workplace. The Bachelor of Science in Office Administration Program can continue to evolve, addressing areas of improvement and building on its strengths to foster a consistently positive perception among students. The proposed recommendations be observed and implemented to help the students improve Perception about BSOA Program. 1 aBiso, Shane M., eauthor.1 aUrbano, Mary Melody I., eauthor. aSagala, Marimin N., eadviser. aInfante, Leonisa O., epanelist, chair.  aOliveros, Josefin N., epanelist.  aManinang, Jeorgette N., epanelist.  2ddcn0cUMhAr26p iBSOA kUTH m2024 00102ddc4071aBUHIbBUHIcUTHd2024-04-24l0oUTH BSOA Ar26p 2023p00051UM-BUHr2024-04-24 00:00:00t1-2w2024-04-24yUM 00102ddc4071aBUHIbBUHIcUTHd2024-05-10l0oUTH BSOA Ar26p 2023p00099UM-BUHr2024-05-10 00:00:00t2-2w2024-05-10yUM c27505d27505